| 000 | 01366cam a2200361 a 4500 | ||
|---|---|---|---|
| 999 |
_c31886 _d31886 |
||
| 001 | 7917172 | ||
| 003 | OSt | ||
| 005 | 20170110141248.0 | ||
| 006 | m d | ||
| 007 | cr n | ||
| 008 | 090126s2009 enka sb 001 0 eng d | ||
| 020 | _a9781848822436 (alk. paper) | ||
| 020 | _a9781848822443 (eISBN) | ||
| 035 | _a(WaSeSS)ssj0000135373 | ||
| 040 |
_aDLC _cDLC _dDLC _dWaSeSS |
||
| 042 | _apcc | ||
| 050 | 4 |
_aTS155.65 _b.L5 2009 |
|
| 050 | 4 | _aTS155.65 | |
| 100 | 1 |
_aLi, ZhiWu, _d1967- |
|
| 210 | 1 | 0 | _aDeadlock Resolution in Automated Manufacturing Systems |
| 245 | 1 | 0 |
_aDeadlock Resolution in Automated Manufacturing Systems _h[electronic resource] : _bA Novel Petri Net Approach / _cZhiWu Li, MengChu Zhou. |
| 260 |
_a[London] : _bSpringer Verlag London Ltd., _cc2009. |
||
| 490 | 0 |
_aAdvances in industrial control ; _v1430-9491 |
|
| 504 | _aIncludes bibliographical references and index. | ||
| 506 | _aLicense restrictions may limit access. | ||
| 650 | 0 |
_aFlexible manufacturing systems _xMathematical models. |
|
| 650 | 0 | _aPetri nets. | |
| 700 | 1 | _aZhou, MengChu. | |
| 773 | 0 | _tSpringerLink ebooks - Computer Science (2009) | |
| 856 | 4 | 0 |
_uhttp://www.columbia.edu/cgi-bin/cul/resolve?clio7917172 _zFull text available from SpringerLink ebooks - Computer Science (2009) |
| 910 | _aLibrary of Congress record | ||
| 942 |
_2ddc _cBK |
||